00591ntaaa2200181 45000030003000000050017000030080021000200400037000410820017000781000018000952450028001132500010001412600044001513000013001955000149002086500032003577000020003890120251027202931.00714s1973 ag 01  aAR-BaBNbspacAR-BaBNeaacrdRIC a922.6742 St4 aWilmot, John  aGod's work in God's way a1 ed. aLondon : bHighgate Road Chapel, c1934 ax, 153 p aBiografía de la vida y ministerio de James Stephens (1846-1932), pastor bautista de Inglaterra (partícipé en " The Downgrade Controversy") aStephens, James (1846-1932) aPizey, James H